Science and Sentiment in America / Philosophical Thought from Jonathan Edwards to John Dewey (Record no. 373)
[ view plain ]
| 000 -LEADER | |
|---|---|
| fixed length control field | 01902cam a22002054a 4500 |
| 005 - ΗΜΕΡΟΜΗΝΙΑ ΚΑΙ ΩΡΑ ΤΕΛΕΥΤΑΙΑΣ ΕΝΗΜΕΡΩΣΗΣ | |
| Πεδίο ελέγχου | 20250605163933.0 |
| 008 - FIXED-LENGTH DATA ELEMENTS--GENERAL INFORMATION | |
| Πεδίο ελέγχου σταθερού μήκους | 250528s ||||||||||||||||||||||||d |
| 035 ## - SYSTEM CONTROL NUMBER | |
| System control number | 14753 |
| 020 ## - ISBN | |
| ISBN | 73177996 |
| 040 ## - ΠΗΓΗ ΚΑΤΑΛΟΓΟΓΡΑΦΗΣΗΣ | |
| Φορέας πρωτότυπης καταλογογράφησης | MC Athens Campus Library |
| Γλώσσα καταλογογράφησης | Ελληνικά, Μοντέρνα (1453-) |
| Modifying agency | MC Athens Campus Library |
| Κανόνες περιγραφικής καταλογογράφησης | AACR2 |
| 245 1# - ΤΙΤΛΟΣ ΚΑΙ ΔΗΛΩΣΗ ΥΠΕΥΘΥΝΟΤΗΤΑΣ | |
| Τίτλος | Science and Sentiment in America / Philosophical Thought from Jonathan Edwards to John Dewey |
| 260 ## - PUBLICATION, DISTRIBUTION, ETC. | |
| Name of publisher, distributor, etc. | Oxford University Press, |
| Date of publication, distribution, etc. | 1972 |
| 300 ## - PHYSICAL DESCRIPTION | |
| Extent | 360 |
| 505 0# - FORMATTED CONTENTS NOTE | |
| Formatted contents note | Prologue: Philosophy and Science and Civilization, The Legacy of Locke: Intuition Versus Enthusiasm, Jonathan Edwards: The Doctrine of Necessity and the Sense of the Heart, ''We Hold these Truths to Be Self-Evident, Transcendentalism: ''Hallelujah to the Reason Forevermore'', Ralph Waldo Emerson: Overseer of the Oversoul, Chauncey Wright: Empiricist Philosopher of Evolutionary Science, Charles Peirce: Pragmatist and Metaphysician, William James: Pragmatism and the Whole Man, Josiah Royce: Science and Christianity and Absolute Idealism, George Santayana: Sage of Materialism, John Dewey: Rebel Against Dualism, Epilogue: In Retrospect and in Prospect and in Candor, Notes, Index. |
| 520 ## - SUMMARY, ETC. | |
| Summary, etc. | Prologue: Philosophy and Science and Civilization, The Legacy of Locke: Intuition Versus Enthusiasm, Jonathan Edwards: The Doctrine of Necessity and the Sense of the Heart, ''We Hold these Truths to Be Self-Evident, Transcendentalism: ''Hallelujah to the Reason Forevermore'', Ralph Waldo Emerson: Overseer of the Oversoul, Chauncey Wright: Empiricist Philosopher of Evolutionary Science, Charles Peirce: Pragmatist and Metaphysician, William James: Pragmatism and the Whole Man, Josiah Royce: Science and Christianity and Absolute Idealism, George Santayana: Sage of Materialism, John Dewey: Rebel Against Dualism, Epilogue: In Retrospect and in Prospect and in Candor, Notes, Index. |
| 700 1# - ΠΡΟΣΘΕΤΗ ΑΝΑΓΡΑΦΗ--ΦΥΣΙΚΟ ΠΡΟΣΩΠΟ | |
| Personal name | White Morton |
| 9 (RLIN) | 508 |
| 942 ## - ADDED ENTRY ELEMENTS (KOHA) | |
| Koha item type | Books |
| Τύπος τεκμηρίου | Βιβλιοθήκη | Τρέχουσα τοποθεσία | Barcode | Αριθμός εισαγωγής | Ημερομηνία απόκτησης | Ταξιθετικό σύμβολο | Αριθμός αντιτύπου | Κατάσταση απόσυρσης | Κατάσταση χαμένου | Κατάσταση κατεστραμμένου | Μη δανεισμός | Σύνολο δανεισμών | Ημερομηνία τελευταίας εμφάνισης | Η τιμή ισχύει από |
|---|---|---|---|---|---|---|---|---|---|---|---|---|---|---|
| Books | MC Athens Campus Library | MC Athens Campus Library | 9780000003720 | 447 | 05/06/2025 | 191 WHI | 1 | 05/06/2025 | 05/06/2025 |